000 00304 a2200133 4500
000 nam a22 7a 4500
100 _aNagar
110 _aNagar
245 _aNanomaterials in Energy and Environment
250 _alatest edition
260 _bOxford
_c2023
264 _bOxford
_c2023
942 _cBK
999 _c396393
_d396393